000 00288nam a22001337a 4500
008 170824b xxu||||| |||| 00| 0 eng d
020 _a9780867202427
041 _aeng
080 _a514
100 _a38
101 _aMAT
245 _aREIMMANNIAN GEOMETRY
_cMORGAN,F
942 _2udc
_cBK
999 _c24773
_d24773